| 000 | nam a22 7a 4500 | ||
|---|---|---|---|
| 999 |
_c29759 _d29759 |
||
| 008 | 180525b xxu||||| |||| 00| 0 eng d | ||
| 020 | _a9782011550163 | ||
| 050 | _aPC 2112 .P68 1997 | ||
| 245 |
_aCreme : _bmethode de francais / |
||
| 260 |
_aFrance : _bHachette, _c1997. |
||
| 300 |
_a191p.: _bill.; _c27cm. |
||
| 942 |
_2lcc _cBOOKS _hPC 2112 .P68 1997 |
||